[Event "Ivanovo Region-ch"]
[Site "Ivanovo"]
[Date "2010.12.12"]
[Round "3.1"]
[White "Mamoshin, Valery"]
[Black "Turygin, Oleg"]
[Result "1-0"]
[WhiteElo "2183"]
[BlackElo "1999"]
[PlyCount "71"]
[EventDate "2010.12.10"]
[EventType "tourn"]
[EventRounds "9"]
[EventCountry "RUS"]
[SourceTitle "EXT 2022"]
[Source "ChessBase"]
[SourceDate "2021.10.06"]
[SourceVersion "1"]
[SourceVersionDate "2021.10.06"]
[SourceQuality "1"]

1. e4 c5 2. Nc3 e6 3. f4 d5 4. Nf3 dxe4 5. Nxe4 Nc6 6. Bb5 Bd7 7. 0-0 Be7 8. d3 Nf6 9. Qe2 Nd4 10. Nxd4 cxd4 11. Bc4 0-0 12. Ng5 g6 13. a4 h6 14. Nf3 Bc6 15. f5 exf5 16. Bxh6 Bd5 17. Bxf8 Qxf8 18. Nxd4 Bd6 19. Bxd5 Nxd5 20. Qf3 Rd8 21. c3 Qh6 22. h3 Qd2 23. Rf2 Qg5 24. Re2 Nf4 25. Ree1 Bc5 26. h4 Qh6 27. g3 Ne6 28. Kg2 Nxd4 29. cxd4 Bxd4 30. Re2 b6 31. Rae1 Qf8 32. h5 a5 33. hxg6 fxg6 34. Re6 Qf7 35. Qc6 Kf8 36. Rd6 1-0

[Event "Ivanovo Region-ch"]
[Site "Ivanovo"]
[Date "2010.12.11"]
[Round "2.1"]
[White "Turygin, Oleg"]
[Black "Korolev, Alexey"]
[Result "0-1"]
[WhiteElo "1999"]
[BlackElo "2111"]
[PlyCount "124"]
[EventDate "2010.12.10"]
[EventType "tourn"]
[EventRounds "9"]
[EventCountry "RUS"]
[SourceTitle "EXT 2022"]
[Source "ChessBase"]
[SourceDate "2021.10.06"]
[SourceVersion "1"]
[SourceVersionDate "2021.10.06"]
[SourceQuality "1"]

1. d4 Nf6 2. Nf3 g6 3. g3 Bg7 4. Bg2 c5 5. c3 0-0 6. 0-0 cxd4 7. cxd4 d5 8. Nc3 Nc6 9. Re1 Ne4 10. e3 Nxc3 11. bxc3 Na5 12. Nd2 e5 13. Ba3 Re8 14. Bb4 Be6 15. Qa4 Nc6 16. Rac1 Rc8 17. Nb3 b6 18. Nd2 Nxb4 19. Qxb4 Qd7 20. Red1 e4 21. c4 dxc4 22. Nxe4 Bd5 23. Qd6 Red8 24. Qxd7 Rxd7 25. Bh3 Be6 26. Bxe6 fxe6 27. Ng5 Rc6 28. f4 b5 29. Ne4 Rd8 30. Kf2 Bf8 31. Rc2 Rdc8 32. Rb1 Rb6 33. Nf6+ Kg7 34. Nd7 Rb7 35. Nxf8 Kxf8 36. Ke2 a5 37. e4 Ke7 38. Ke3 Kd6 39. g4 b4 40. h4 c3 41. Kd3 Kc6 42. a4 Kd6 43. Rb3 Ke7 44. Rb1 Rd7 45. Rd1 Rdc7 46. Rb1 Rd8 47. Rd1 Rf8 48. Rf1 h5 49. g5 Kd6 50. Rff2 Kc6 51. Rf1 Kb6 52. Rff2 Rd7 53. f5 gxf5 54. exf5 exf5 55. Rce2 Rd6 56. Re5 f4 57. Rb5+ Ka6 58. Rc5 f3 59. Kc4 Rf4 60. Rd5 Rxd5 61. Kxd5 b3 62. g6 c2 0-1

[Event "Kineshma op"]
[Site "Kineshma"]
[Date "2010.10.25"]
[Round "6"]
[White "Lebedenko, Olga"]
[Black "Turygin, Oleg"]
[Result "0-1"]
[WhiteElo "1959"]
[BlackElo "1999"]
[PlyCount "52"]
[EventDate "2010.10.20"]
[EventType "swiss"]
[EventRounds "9"]
[EventCountry "RUS"]
[SourceTitle "EXT 2011"]
[Source "ChessBase"]
[SourceDate "2010.11.26"]
[SourceVersion "1"]
[SourceVersionDate "2010.11.26"]
[SourceQuality "1"]

1. e4 e6 2. d4 b6 3. Nc3 Bb7 4. Bd3 g6 5. Be3 Bg7 6. Qd2 d6 7. Nge2 Nd7 8. Ng3 h5 9. f4 f5 10. d5 exd5 11. exf5 d4 12. f6 Qxf6 13. Bxd4 Qxd4 14. Bxg6+ Kd8 15. Qe2 Ne7 16. Bxh5 Nf6 17. Bf3 Bxf3 18. Qxf3 Nfd5 19. Nxd5 Qxd5 20. Qxd5 Nxd5 21. f5 Bxb2 22. Rb1 Bc3+ 23. Ke2 Be5 24. Kf3 Kd7 25. Rbd1 Nc3 26. Rd3 Rh4 0-1

[Event "Kineshma op"]
[Site "Kineshma"]
[Date "2010.10.21"]
[Round "2"]
[White "Turygin, Oleg"]
[Black "Lebedev, Vyacheslav"]
[Result "1/2-1/2"]
[WhiteElo "1999"]
[BlackElo "1821"]
[PlyCount "56"]
[EventDate "2010.10.20"]
[EventType "swiss"]
[EventRounds "9"]
[EventCountry "RUS"]
[SourceTitle "EXT 2011"]
[Source "ChessBase"]
[SourceDate "2010.11.26"]
[SourceVersion "1"]
[SourceVersionDate "2010.11.26"]
[SourceQuality "1"]

1. e4 c5 2. Nf3 Nc6 3. d4 cxd4 4. Nxd4 g6 5. Nc3 Bg7 6. Be3 Nf6 7. Bc4 0-0 8. Bb3 a5 9. 0-0 d6 10. Ndb5 b6 11. f3 Nd7 12. a4 Bb7 13. Qd2 Nc5 14. Bd5 Qd7 15. Rad1 Rac8 16. b3 Nb4 17. Bxb7 Qxb7 18. Nd5 Nc6 19. Bh6 Na7 20. Bxg7 Kxg7 21. Qc3+ f6 22. Nxa7 Qxa7 23. Qe3 Qb7 24. Rf2 Rcd8 25. c4 e6 26. Nf4 Qe7 27. Rfd2 Rd7 28. Ne2 Rfd8 1/2-1/2

[Event "Kineshma"]
[Site "Kineshma"]
[Date "2010.08.07"]
[Round "10.3"]
[White "Lebedenko, Olga"]
[Black "Turygin, Oleg"]
[Result "1/2-1/2"]
[WhiteElo "1969"]
[BlackElo "1999"]
[PlyCount "83"]
[EventDate "2010.08.01"]
[EventType "tourn"]
[EventRounds "11"]
[EventCountry "RUS"]
[SourceTitle "EXT 2022"]
[Source "ChessBase"]
[SourceDate "2021.10.06"]
[SourceVersion "1"]
[SourceVersionDate "2021.10.06"]
[SourceQuality "1"]

1. e4 e6 2. d4 b6 3. Bd3 Bb7 4. Nf3 g6 5. Bg5 f6 6. Be3 Bg7 7. Nc3 Nh6 8. h3 Nf7 9. Qd2 a6 10. h4 Nc6 11. a3 Ne7 12. Ne2 d5 13. exd5 Nxd5 14. Be4 Qc8 15. 0-0-0 Nxe3 16. Bxb7 Qxb7 17. Qxe3 Bh6 18. Nf4 0-0 19. g3 Rae8 20. Qb3 e5 21. h5 Kg7 22. hxg6 hxg6 23. dxe5 fxe5 24. Rd7 Qc6 25. Rxf7+ Rxf7 26. Rxh6 exf4 27. Rh7+ Kxh7 28. Qxf7+ Kh6 29. g4 Qe4 30. g5+ Kh5 31. Qd7 Re6 32. b3 c5 33. Qd1 Kg4 34. Nd4+ Kxg5 35. Nxe6+ Qxe6 36. Qg1+ Kf5 37. Kb1 Qe4 38. Qf1 b5 39. f3 Qe3 40. Qh3+ Ke5 41. Qh8+ Kf5 42. Qc8+ 1/2-1/2

[Event "Kineshma"]
[Site "Kineshma"]
[Date "2010.08.05"]
[Round "7.6"]
[White "Turygin, Oleg"]
[Black "Berberyan, Mishik"]
[Result "1/2-1/2"]
[WhiteElo "1999"]
[BlackElo "2008"]
[PlyCount "82"]
[EventDate "2010.08.01"]
[EventType "tourn"]
[EventRounds "11"]
[EventCountry "RUS"]
[SourceTitle "EXT 2022"]
[Source "ChessBase"]
[SourceDate "2021.10.06"]
[SourceVersion "1"]
[SourceVersionDate "2021.10.06"]
[SourceQuality "1"]

1. c4 Nf6 2. Nc3 e6 3. g3 d5 4. d4 dxc4 5. Qa4+ Nc6 6. Nf3 Bb4 7. a3 Bxc3+ 8. bxc3 Qd5 9. Bg2 Bd7 10. Qc2 Rb8 11. Bf4 Qa5 12. 0-0 Nd5 13. Bd2 Nce7 14. Ne5 Ba4 15. Nxc4 Bxc2 16. Nxa5 b6 17. c4 Nf6 18. Nc6 Nxc6 19. Bxc6+ Kd8 20. f3 a5 21. Rac1 Bb3 22. Rc3 a4 23. e4 Nd7 24. f4 f6 25. Be3 Ke7 26. g4 h6 27. Rfc1 Rbd8 28. e5 h5 29. g5 f5 30. Kg2 g6 31. Bf3 Nb8 32. Bd1 Nc6 33. Bxb3 axb3 34. Rd1 Rb8 35. Rcc1 Ra8 36. d5 Na5 37. d6+ cxd6 38. exd6+ Kd7 39. Bxb6 Rhb8 40. c5 Nc6 41. Rb1 Rxa3 1/2-1/2

[Event "Kineshma"]
[Site "Kineshma"]
[Date "2010.08.02"]
[Round "3.5"]
[White "Makushkin, Andrey"]
[Black "Turygin, Oleg"]
[Result "1/2-1/2"]
[WhiteElo "1847"]
[BlackElo "1999"]
[PlyCount "26"]
[EventDate "2010.08.01"]
[EventType "tourn"]
[EventRounds "11"]
[EventCountry "RUS"]
[SourceTitle "EXT 2022"]
[Source "ChessBase"]
[SourceDate "2021.10.06"]
[SourceVersion "1"]
[SourceVersionDate "2021.10.06"]
[SourceQuality "1"]

1. e4 e6 2. d4 d5 3. Nc3 dxe4 4. Nxe4 Nd7 5. Nf3 Ngf6 6. Nxf6+ Nxf6 7. Bf4 Bd6 8. Bxd6 cxd6 9. Bb5+ Bd7 10. Bxd7+ Qxd7 11. Qd3 Rc8 12. 0-0 0-0 13. Rfe1 Qc6 1/2-1/2